Die besten Filme der 2000er - Statistiken

Allgemein
  • Dieses Quiz wurde 190 mal gespielt
  • Das Durchschnittsergebnis liegt bei 8 aus 48
Antwortstatistiken
Platzierung Film Erscheinungsjahr % Korrekt
9. Der Herr der Ringe: Die Gefährten 2001
78%
7. Der Herr der Ringe: Die Rückkehr des Königs 2003
78%
14. Der Herr der Ringe: Die zwei Türme 2002
78%
3. The Dark Knight 2008
51%
127. Batman Begins 2005
32%
236. Fluch der Karibik 2003
32%
37. Gladiator 2000
29%
154. Findet Nemo 2003
27%
152. Kill Bill - Vol. 1 2003
21%
112. Oben 2009
20%
58. WALL·E - Der Letzte räumt die Erde auf 2008
18%
40. Departed: Unter Feinden 2006
17%
177. Catch Me If You Can 2002
16%
78. Inglourious Basterds 2009
16%
54. Memento 2000
16%
31. Chihiros Reise ins Zauberland 2001
15%
41. Prestige - Die Meister der Magie 2006
15%
153. No Country for Old Men 2007
14%
23. City of God 2002
11%
59. Das Leben der Anderen 2006
11%
33. Der Pianist 2002
10%
174. Million Dollar Baby 2004
10%
205. Die Monster AG 2001
9%
228. Die Unglaublichen 2004
9%
72. Oldboy 2003
9%
224. Ratatouille 2007
9%
141. There Will Be Blood 2007
9%
143. A Beautiful Mind: Genie und Wahnsinn 2001
8%
125. Der Untergang 2004
8%
169. Gran Torino 2008
8%
166. Das wandelnde Schloss 2004
7%
83. Requiem for a Dream 2000
7%
91. Vergiss mein nicht! 2004
6%
226. Before Sunset 2004
5%
100. Die fabelhafte Welt der Amelie 2001
5%
140. Pans Labyrinth 2006
5%
117. Snatch: Schweine und Diamanten 2000
5%
159. V wie Vendetta 2005
4%
87. 3 Idiots 2009
3%
233. Hachiko - Eine wunderbare Freundschaft 2009
3%
208. Hotel Ruanda 2004
3%
219. Into the Wild 2007
3%
195. Memories of Murder 2003
3%
235. Amores perros 2000
2%
204. Mary & Max, oder - Schrumpfen Schafe, wenn es regnet 2009
2%
164. In ihren Augen 2009
1%
242. Mein Vater und mein Sohn 2005
1%
124. Taare Zameen Par: Ein Stern auf Erden 2007
1%
Keine übereinstimmenden Quizze gefunden
Verteilung der Resultate
Anzahl Personen mit jedem Resultat
Perzentil nach korrekt beantworteten Fragen
Ihre Resultats-Entwicklung
Sie haben dieses Quiz noch nicht gespielt